00333nam a2200121Ia 4500008004000000020001800040082001500058100002000073245003600093260004400129300001200173650002600185210210b2003 xxu||||| |||| 00| 0 eng d a81 7646 334 5 a331.4 NATR aNATH (Madhuri). aRural women workforce in india. aDelhibB R Publishing Corporationc2003 axiv,129 aRural women workforce